LIBRARY & INFORMATION CENTRE, KCAET, TAVANUR

ONLINE PUBLIC ACCESS CATALOGUE (OPAC)

Finite element method for engineers (Record no. 14078)

MARC details
000 -LEADER
fixed length control field 00434nam a22001697a 4500
020 ## - INTERNATIONAL STANDARD BOOK NUMBER
ISBN 9788126516407
082 ## - DEWEY DECIMAL CLASSIFICATION NUMBER
Classification number 620.0015
Item number HUE/FI
100 ## - MAIN ENTRY--AUTHOR NAME
Personal name Huebner, Kenneth H
245 ## - TITLE STATEMENT
Title Finite element method for engineers
250 ## - EDITION STATEMENT
Edition statement 4th ed
260 ## - PUBLICATION, DISTRIBUTION, ETC. (IMPRINT)
Place of publication New Delhi
Name of publisher Wiley India (P) Ltd.
Year of publication 2012
300 ## - PHYSICAL DESCRIPTION
Number of Pages 718
700 ## - ADDED ENTRY--PERSONAL NAME
Personal name Dewhirst, Donald L
700 ## - ADDED ENTRY--PERSONAL NAME
Personal name Smith, Douglas E
700 ## - ADDED ENTRY--PERSONAL NAME
Personal name Byrom, Ted G
942 ## - ADDED ENTRY ELEMENTS (KOHA)
Koha item type Books
Holdings
Withdrawn status Lost status Damaged status Collection code Home library Current library Shelving location Date acquired Source of acquisition Full call number Accession Number Koha item type
        KAUAET KAUAET General Stacks 30/03/2013 Aman Book Stall, Calicut 620.0015 HUE/FI 24133 Books
free website counter